| 000 | 00452nam a22001697a 4500 | ||
|---|---|---|---|
| 008 | 180730b xxu||||| |||| 00| 0 eng d | ||
| 010 | _a568890 | ||
| 035 | _a568890 | ||
| 037 | _bBPPD/PUB | ||
| 040 |
_adpl _bEnglish |
||
| 082 | _aN | ||
| 100 | _aCozzens, James Gould | ||
| 245 |
_aMorning Noon and Night _cJames Gould Cozzens |
||
| 260 |
_aLondon _bLongmans, Green & Co. Ltd _c1968 |
||
| 300 |
_a408p. _c22cm (Hb) |
||
| 942 |
_2ddc _cEN _mCOZ _hN |
||
| 999 |
_c155152 _d155152 |
||